LEADER 01373nam 2200349 n 450 001 996390918603316 005 20221108044858.0 035 $a(CKB)1000000000659338 035 $a(EEBO)2240861655 035 $a(UnM)99845570 035 $a(EXLCZ)991000000000659338 100 $a19911001d1534 uy | 101 0 $aeng 135 $aurbn||||a|bb| 200 04$aThe paraphrase of Erasm[us] Roterdame vpon [the] epistle of sai[n]t Paule vnto his discyple Titus$b[electronic resource] $elately tra[n]slated into englysshe and fyrste a goodly prologue 210 $a[[London] $cImprented by Ioh[a]n Byddell in London in Fletestrete next to the Flete Brydge]$d[1534] 215 $a[72] p 300 $aImprint from colophon; publication date from STC. 300 $aTitle page has border (McKerrow and Ferguson 29) with Byddell's name in type in the sill. 300 $aSignatures: [A]-D chi⁓. 300 $aReproduction of the original in the British Library. 330 $aeebo-0018 700 $aErasmus$b Desiderius$fd. 1536.$0799747 701 $aCox$b Leonard$ffl. 1572.$01007606 801 0$bCu-RivES 801 1$bCu-RivES 801 2$bCStRLIN 801 2$bWaOLN 906 $aBOOK 912 $a996390918603316 996 $aThe paraphrase of Erasm Roterdame vpon the epistle of saint Paule vnto his discyple Titus$92321710 997 $aUNISA LEADER 01592nam0 22003251i 450 001 UON00089177 005 20250314120727.93 100 $a20020107d1961 |0itac50 ba 101 $aeng 102 $aUS 105 $a|||| ||||| 200 1 $aLamps of the roman period$efirst to seventh century after Christ$fby Judith Perlzweig 210 $aPrinceton$cThe American School of Classical Studies$d1961. xiv$d240 p.$cill.$d53 p. di tav. ; 32 cm 410 1$1001UON00087260$12001 $aˆThe ‰Athenian Agora$eresults of excavations conducted by the American School of Classical Studies at Athens$v7 606 $aAGORA$xAtene$3UONC026207$2FI 606 $aLAMPADE$xCataloghi$xAtene$3UONC026389$2FI 606 $aScavi archeologici$xAtene$3UONC026211$2FI 606 $aTERRECOTTE$xLampade$3UONC026212$2FI 620 $aUS$dPrinceton$3UONL000074 676 $a745.5932$cLampade - Artigianato$v21 700 1$aPERLZWEIG$bJudith$3UONV056351$0439038 712 02$aAmerican School of Classical Studies at Athens$3UONV056153 712 $aAmerican School of Classical Studies at Athens$3UONV056153$4650 791 02$aThe American School of Classical Studies at Athens$zAmerican School of Classical Studies at Athens$3UONV259634 801 $aIT$bSOL$c20250606$gRICA 899 $aSIBA - SISTEMA BIBLIOTECARIO DI ATENEO$2UONSI 912 $aUON00089177 950 $aSIBA - SISTEMA BIBLIOTECARIO DI ATENEO$dSI N 1 ATH. AG. 001 07 $eSI MC 2353 7 07 996 $aLamps of the roman period$972851 997 $aUNIOR